000 01036nam0a22002531 4500
001 rc\276398
005 20260406031030.0
010 _a5-230-12017-7
_9500
035 _a(NLR Aleph) 005500445
090 _a5301348
_c5301348
100 _a20030307d1990 |||y0rusy50 ca
101 0 _arus
102 _aRU
105 _aa |||||||||
200 1 _aИсследование радиопередающих устройств в лаборатории
_eУчеб. пособие
_fА.И. Александров, В.И. Каганов, Б.А. Снедков, В.Ф. Чернышов
_gМоск. ин-т радиотехники, электрон. и автоматики
210 _aМ.
_cМИРЭА
_d1990
215 _a78, [1] с.
_cил.
_d20
701 1 _4070
_7ca
_8rus
_aАлександров
_bА. И.
_cканд. техн. наук
_f1920-
_gАлексей Иванович
_3RU\NLR\AUTH\771186
_9111215
801 0 _aRU
_bNLR
_gpsbo
801 1 _aRU
_bELAR
_2rusmarc
852 _aNLR
_j90-4/10923
942 _cBOOK
980 _aNB